[Event "44th Guernsey International Open"]
[Site "?"]
[Date "2018.10.22"]
[Round "2"]
[White "Dilleigh, Stephen P"]
[Black "Canonne, Antoine"]
[Result "1/2-1/2"]
[WhiteElo "1986"]
[BlackElo "1902"]
[PlyCount "47"]
[EventDate "2018.10.21"]

1. Nf3 Nc6 2. d4 d5 3. c4 Bg4 4. Nc3 e6 5. Bg5 Be7 6. Bxe7 Ngxe7 7. e3 O-O 8.
cxd5 exd5 9. Be2 Qd7 10. O-O Rad8 11. Rc1 Rfe8 12. a3 Qc8 13. b4 Ng6 14. Ne1
Bxe2 15. Nxe2 a6 16. Nd3 Nce7 17. Ng3 c6 18. Qh5 Rd6 19. f4 f5 20. Ne5 Qe6 21.
Qd1 Ra8 22. Qd3 Rdd8 23. Rc2 Re8 24. Ne2 1/2-1/2

[Event "44th Guernsey International Open"]
[Site "?"]
[Date "2018.10.22"]
[Round "2"]
[White "Schadd, Jan"]
[Black "De Kruif, Kees"]
[Result "0-1"]
[WhiteElo "1872"]
[BlackElo "1979"]
[PlyCount "72"]
[EventDate "2018.10.21"]

1. Nf3 Nf6 2. d4 g6 3. Nc3 d5 4. Bf4 Bg7 5. e3 a6 6. h3 O-O 7. Bd3 Nbd7 8. Ne5
c6 9. O-O Nh5 10. Nxd7 Bxd7 11. Bh2 Qc8 12. Na4 Qd8 13. Nc3 b5 14. Ne2 Qc8 15.
c3 a5 16. e4 dxe4 17. Bxe4 Nf6 18. Bf3 Bf5 19. Ng3 Be6 20. Ne4 Nxe4 21. Bxe4
Qd7 22. Qf3 Bd5 23. Rfe1 e6 24. Bxd5 Qxd5 25. Qxd5 cxd5 26. Be5 Rfc8 27. Rec1
Rc6 28. a4 Bxe5 29. dxe5 Rb8 30. Rcb1 Rc4 31. b4 bxa4 32. Rxa4 axb4 33. Raxb4
Rbc8 34. Rxc4 Rxc4 35. Rb3 Re4 36. Rb5 Rxe5 0-1

[Event "44th Guernsey International Open"]
[Site "?"]
[Date "2018.10.22"]
[Round "2"]
[White "Campbell, Ian"]
[Black "Brookfield, Toby"]
[Result "1-0"]
[WhiteElo "1969"]
[BlackElo "1873"]
[PlyCount "95"]
[EventDate "2018.10.21"]

1. Nf3 f5 2. b3 Nf6 3. Bb2 e6 4. d3 d5 5. Nbd2 c5 6. e3 Nc6 7. c4 Be7 8. Be2
O-O 9. a3 Ng4 10. h3 Bf6 11. Qc2 Bxb2 12. Qxb2 Nf6 13. O-O Qe7 14. Ne5 Bd7 15.
Ndf3 Rab8 16. Rac1 b5 17. Nxc6 Bxc6 18. Ne5 Bd7 19. Qc2 bxc4 20. dxc4 Qd6 21.
Nxd7 Nxd7 22. cxd5 exd5 23. Rfd1 f4 24. Rxd5 Qe7 25. Bc4 Kh8 26. exf4 Rxf4 27.
Qd2 Rd4 28. Rxd4 cxd4 29. Qxd4 Ne5 30. Rd1 h6 31. a4 Qg5 32. Bd5 Rf8 33. Qe3
Qh5 34. Rd4 Qf5 35. Be4 Qf6 36. f4 Ng6 37. g3 Ne5 38. Bg2 Nc6 39. Rc4 Ne7 40.
Kh2 Nf5 41. Qxa7 Qb2 42. Qc5 Rf6 43. Rc3 Kh7 44. b4 Rg6 45. Rf3 Nd4 46. Rd3 Ne2
47. Qe5 Qc2 48. Re3 1-0

[Event "44th Guernsey International Open"]
[Site "?"]
[Date "2018.10.22"]
[Round "2"]
[White "Ingham, H William"]
[Black "Sikkel, Dirk"]
[Result "1/2-1/2"]
[WhiteElo "1849"]
[BlackElo "1969"]
[PlyCount "100"]
[EventDate "2018.10.21"]

1. d4 g6 2. Bf4 Nf6 3. e3 Nh5 4. Bg5 Bg7 5. Be2 h6 6. Bh4 Nf6 7. Nf3 O-O 8. O-O
d5 9. Nbd2 Be6 10. c3 Nbd7 11. b4 Kh7 12. a3 c6 13. c4 dxc4 14. Bxc4 Bxc4 15.
Nxc4 Ne4 16. Qc2 f5 17. Bg3 Nxg3 18. hxg3 Qc7 19. Rad1 Rae8 20. Rd2 Nf6 21.
Nce5 Ne4 22. Rdd1 Qd6 23. Nc4 Qd5 24. Nfd2 Nd6 25. Nxd6 exd6 26. Qc4 Qxc4 27.
Nxc4 d5 28. Na5 Rf7 29. Rc1 g5 30. Nb3 f4 31. gxf4 gxf4 32. Rce1 Rfe7 33. a4
Kg6 34. Rd1 fxe3 35. fxe3 Rxe3 36. Nc5 b6 37. Nd3 R8e4 38. Nf4+ Kh7 39. Nh5
Rxd4 40. Rc1 Rh4 41. Nxg7 Kxg7 42. Rxc6 Rxb4 43. Rc7+ Kg6 44. Rxa7 Re2 45. Raf7
Rxa4 46. R1f6+ Kg5 47. Rf5+ Kg4 48. Rxd5 Rb2 49. Rd6 Rb1+ 50. Kh2 Kg5 1/2-1/2

[Event "44th Guernsey International Open"]
[Site "?"]
[Date "2018.10.22"]
[Round "2"]
[White "Dijksterhuis, Rolf"]
[Black "Froberg, Gert Jan"]
[Result "0-1"]
[WhiteElo "1958"]
[BlackElo "1867"]
[PlyCount "134"]
[EventDate "2018.10.21"]

1. e4 b6 2. d4 Bb7 3. Bd3 e6 4. Nf3 c5 5. c3 Nf6 6. Qe2 d5 7. Bg5 Be7 8. Nbd2
h6 9. Bh4 Nc6 10. e5 Nd7 11. Bxe7 Qxe7 12. O-O g5 13. Qe3 g4 14. Ne1 cxd4 15.
cxd4 a5 16. a3 Qh4 17. f4 Rg8 18. g3 Qh5 19. Ng2 f5 20. exf6 Kf7 21. f5 e5 22.
dxe5 Ncxe5 23. Bb5 Rae8 24. Qd4 Qg5 25. Rac1 Rc8 26. Nf4 Qxf5 27. Nxd5 Rxc1 28.
Rxc1 Nf3+ 29. Nxf3 Bxd5 30. Nh4 Qe5 31. Qxd5+ Qxd5 32. Bc4 Rg5 33. Bxd5+ Rxd5
34. Rc2 Nc5 35. Kf2 Re5 36. b4 axb4 37. axb4 Nd3+ 38. Kf1 Nxb4 39. Rc4 Nd5 40.
Ng2 h5 41. Kf2 Kxf6 42. Rc8 Ke7 43. Rb8 Kd7 44. Ne1 Kc7 45. Rh8 Nb4 46. Ng2
Nd3+ 47. Kf1 b5 48. Nf4 Nxf4 49. gxf4 Rf5 50. Ke2 Rxf4 51. Rxh5 Kc6 52. Rh4 Rc4
53. h3 gxh3 54. Rxh3 Rd4 55. Ke3 Rd6 56. Rh8 Kc5 57. Rc8+ Kb4 58. Rb8 Kc4 59.
Rc8+ Kb3 60. Rc1 b4 61. Rb1+ Kc3 62. Rc1+ Kb2 63. Rc4 b3 64. Rc7 Kb1 65. Rc8 b2
66. Ke2 Rd5 67. Rc6 Ra5 0-1

[Event "44th Guernsey International Open"]
[Site "?"]
[Date "2018.10.22"]
[Round "2"]
[White "Carlucci, Paul A"]
[Black "Rowe, Peter"]
[Result "1/2-1/2"]
[WhiteElo "1817"]
[BlackElo "1951"]
[PlyCount "39"]
[EventDate "2018.10.21"]

1. d4 d6 2. Nf3 Bg4 3. e3 Nd7 4. Be2 Ngf6 5. O-O e6 6. b3 d5 7. Bb2 Be7 8. Ne5
Bxe2 9. Qxe2 Nxe5 10. dxe5 Nd7 11. Nd2 O-O 12. c4 c6 13. a3 f5 14. f4 a5 15. g4
g6 16. Nf3 Qb6 17. gxf5 gxf5 18. Nd4 c5 19. Nb5 dxc4 20. bxc4 1/2-1/2

[Event "44th Guernsey International Open"]
[Site "?"]
[Date "2018.10.22"]
[Round "2"]
[White "Burton, Ronnie"]
[Black "Gravett, Alan D"]
[Result "1/2-1/2"]
[WhiteElo "1919"]
[BlackElo "1821"]
[PlyCount "31"]
[EventDate "2018.10.21"]

1. c4 d6 2. g3 g6 3. Bg2 Bg7 4. Nc3 Nf6 5. d3 O-O 6. Nf3 a6 7. O-O c5 8. a3 Nc6
9. Rb1 Rb8 10. b4 cxb4 11. axb4 b5 12. cxb5 axb5 13. Qb3 Be6 14. Qd1 Qc8 15.
Bd2 h6 16. e4 1/2-1/2

[Event "44th Guernsey International Open"]
[Site "?"]
[Date "2018.10.23"]
[Round "3"]
[White "Korneev, Oleg"]
[Black "Grieve, Harry"]
[Result "1-0"]
[WhiteElo "2560"]
[BlackElo "2292"]
[PlyCount "51"]
[EventDate "2018.10.21"]

1. e4 c6 2. d4 d5 3. e5 c5 4. Nf3 Nc6 5. dxc5 e6 6. a3 a5 7. Be3 Nh6 8. c3 Nf5
9. Bd4 Bd7 10. a4 Nfxd4 11. cxd4 b6 12. cxb6 Qxb6 13. Bb5 Na7 14. Bxd7+ Kxd7
15. O-O Qxb2 16. Nbd2 Bb4 17. Rb1 Qa2 18. Nb3 h6 19. Ne1 Bxe1 20. Nc5+ Kc6 21.
Rxe1 Rhb8 22. Ra1 Qc4 23. Rc1 Qa2 24. Re2 Qa3 25. Rec2 Rb4 26. Ra1 1-0

[Event "44th Guernsey International Open"]
[Site "?"]
[Date "2018.10.23"]
[Round "3"]
[White "Havenaar, Jan"]
[Black "Hillarp Persson, Tiger"]
[Result "0-1"]
[WhiteElo "2043"]
[BlackElo "2544"]
[PlyCount "54"]
[EventDate "2018.10.21"]

1. Nc3 a6 2. g3 d5 3. Bg2 d4 4. Ne4 f5 5. Ng5 e5 6. h4 h6 7. N5f3 e4 8. Ne5 Qf6
9. f4 Nd7 10. Nxd7 Bxd7 11. c3 c5 12. Qc2 Qg6 13. Rh3 Bc6 14. b4 Nf6 15. Bb2
Rd8 16. bxc5 d3 17. exd3 Rxd3 18. Ne2 Bxc5 19. O-O-O O-O 20. Bf1 Rfd8 21. Nd4
Bxd4 22. cxd4 Qe8 23. Bxd3 exd3 24. Qxd3 Rc8 25. Bc3 Be4 26. Qe2 Qa4 27. Kb2
Qc2+ 0-1

[Event "44th Guernsey International Open"]
[Site "?"]
[Date "2018.10.23"]
[Round "3"]
[White "Le Roux, Jean Pierre"]
[Black "Cornelisse, John"]
[Result "1-0"]
[WhiteElo "2532"]
[BlackElo "2184"]
[PlyCount "141"]
[EventDate "2018.10.21"]

1. d4 g6 2. Nf3 Bg7 3. g3 Nf6 4. Bg2 O-O 5. O-O d6 6. a4 a5 7. Nc3 c6 8. e4 Qc7
9. e5 dxe5 10. Nxe5 Be6 11. Qe2 Qb6 12. Rd1 Rd8 13. Nf3 Qa6 14. Qe1 Re8 15. Be3
Nd5 16. Bf1 Qb6 17. Nxd5 cxd5 18. Bb5 Rc8 19. Rd2 Qd8 20. c3 Nd7 21. Bf4 Nf6
22. Bd3 Ne8 23. h4 Nd6 24. h5 Bf5 25. hxg6 hxg6 26. Bxd6 Qxd6 27. Bxf5 gxf5 28.
Kg2 f4 29. Re2 Rc7 30. Qd2 Bh6 31. Qd3 Ra6 32. Ne5 Bg7 33. Rh1 Kf8 34. Qf5 Bxe5
35. Rxe5 Qf6 36. Rxd5 Qxf5 37. Rxf5 fxg3 38. Kxg3 Rb6 39. Rb5 Rg6+ 40. Kf3 b6
41. d5 Rc4 42. Rh8+ Kg7 43. Rb8 Rxa4 44. R8xb6 Rg5 45. Ra6 Rf5+ 46. Ke3 Raf4
47. Raxa5 Rxf2 48. Kd4 Rd2+ 49. Kc4 Rf4+ 50. Kc5 Rff2 51. Ra7 Rfe2 52. Rbb7 Kf6
53. b3 Re5 54. c4 Rde2 55. Kc6 Kg6 56. d6 exd6 57. Rxf7 Rd2 58. Rg7+ Kf5 59.
Raf7+ Ke4 60. Re7 Rd3 61. Rxe5+ dxe5 62. b4 Kd4 63. c5 e4 64. Kb6 Rb3 65. Kb5
e3 66. Re7 Kd3 67. c6 e2 68. c7 Rc3 69. Kb6 Rc4 70. b5 Re4 71. Rxe4 1-0

[Event "44th Guernsey International Open"]
[Site "?"]
[Date "2018.10.23"]
[Round "3"]
[White "Collier, David O"]
[Black "Povah, Nigel E"]
[Result "0-1"]
[WhiteElo "1999"]
[BlackElo "2303"]
[PlyCount "58"]
[EventDate "2018.10.21"]

1. d4 Nf6 2. Bf4 e6 3. e3 c5 4. c3 b6 5. Nd2 cxd4 6. exd4 Bb7 7. h3 Be7 8. Ngf3
O-O 9. Bd3 Nc6 10. O-O Nd5 11. Bh2 f5 12. Re1 Qe8 13. c4 Ndb4 14. Bf1 Bf6 15.
d5 Nd8 16. Bd6 Be7 17. Bxe7 Qxe7 18. a3 Na6 19. b4 Nf7 20. dxe6 dxe6 21. Nd4
Ng5 22. Qb3 Rad8 23. N4f3 Ne4 24. Qe3 Nc7 25. Rad1 h6 26. Nxe4 Bxe4 27. Be2 Qf6
28. Nd2 Bc2 29. Rc1 f4 0-1

[Event "44th Guernsey International Open"]
[Site "?"]
[Date "2018.10.23"]
[Round "3"]
[White "Waddington, Mike P"]
[Black "Heppell, Ian N"]
[Result "0-1"]
[WhiteElo "2096"]
[BlackElo "2031"]
[PlyCount "70"]
[EventDate "2018.10.21"]

1. Nc3 Nf6 2. e4 e5 3. g3 d5 4. exd5 c6 5. Qe2 cxd5 6. Qxe5+ Be7 7. d4 Nc6 8.
Bb5 O-O 9. Bxc6 bxc6 10. Nge2 Bd6 11. Qg5 h6 12. Qd2 Bh3 13. Qd3 Rb8 14. f3 Qd7
15. Kf2 Bf5 16. Qd2 c5 17. Nd1 Rfe8 18. c3 c4 19. Ne3 Bd3 20. Ng1 Re7 21. b3
Rbe8 22. Qd1 Ba3 23. Bxa3 Rxe3 24. h4 Qf5 25. bxc4 dxc4 26. g4 Nxg4+ 27. Kg3
Be2 28. Qxe2 Rxe2 29. Nxe2 Rxe2 30. Rhe1 Rxe1 31. Rxe1 Nf6 32. Re5 Nh5+ 33. Kg2
Qc2+ 34. Kg1 Nf4 35. Kf1 Qg2+ 0-1

[Event "44th Guernsey International Open"]
[Site "?"]
[Date "2018.10.23"]
[Round "3"]
[White "Rosen, Daniel B"]
[Black "Bolt, Graham"]
[Result "1-0"]
[WhiteElo "2081"]
[BlackElo "1994"]
[PlyCount "95"]
[EventDate "2018.10.21"]

1. e4 c5 2. Nc3 Nc6 3. f4 g6 4. Nf3 Bg7 5. Bc4 e6 6. O-O Nge7 7. d3 O-O 8. Bb3
d5 9. Qe1 Na5 10. Bd2 Nxb3 11. axb3 Nc6 12. e5 Bd7 13. Ne2 f6 14. Qg3 Qc7 15.
exf6 Bxf6 16. Bc3 d4 17. Bd2 b5 18. Ng5 Rae8 19. Ne4 Ne7 20. Nxf6+ Rxf6 21. Qg5
Rf5 22. Qh4 Rf7 23. b4 Nf5 24. Qf2 Bc8 25. bxc5 Qxc5 26. c3 a6 27. Nxd4 Bb7 28.
Nb3 Qxf2+ 29. Rxf2 Rc7 30. Re2 Kf7 31. d4 Bc8 32. Nc5 Rc6 33. Be1 Ne7 34. Bg3
Nd5 35. Rae1 Nf6 36. Bh4 Nd5 37. Re5 Nc7 38. Ne4 Rf8 39. Rc5 Rxc5 40. dxc5 Bd7
41. Nf6 Bc6 42. Nxh7 Rh8 43. Ng5+ Ke8 44. Bg3 Rh5 45. Nxe6 Kd7 46. Nf8+ Kc8 47.
Nxg6 Nd5 48. Re6 1-0

[Event "44th Guernsey International Open"]
[Site "?"]
[Date "2018.10.23"]
[Round "3"]
[White "Curtis, John E"]
[Black "Van Ginkel, Henk"]
[Result "1-0"]
[WhiteElo "2042"]
[BlackElo "1842"]
[PlyCount "39"]
[EventDate "2018.10.21"]

1. d4 d6 2. e4 Nf6 3. Nc3 g6 4. Be3 Bg7 5. Nf3 O-O 6. Qd2 c6 7. Bd3 Nbd7 8. h3
b5 9. a4 b4 10. Ne2 Qa5 11. Ng3 Rb8 12. O-O Nh5 13. Nxh5 Qxh5 14. Ng5 Nf6 15.
Be2 Qh4 16. Bf3 Nxe4 17. Bxe4 f5 18. g3 Qh6 19. Bxc6 e5 20. Bd5+ 1-0

[Event "44th Guernsey International Open"]
[Site "?"]
[Date "2018.10.23"]
[Round "3"]
[White "De Kruif, Kees"]
[Black "Kraft, Karl Heinz"]
[Result "1-0"]
[WhiteElo "1979"]
[BlackElo "2047"]
[PlyCount "63"]
[EventDate "2018.10.21"]

1. c4 f5 2. g3 Nf6 3. Bg2 g6 4. Nc3 Bg7 5. Nf3 d6 6. d4 O-O 7. O-O Qe8 8. Bg5
Nbd7 9. Qd2 c6 10. Rad1 a6 11. Bh6 Rb8 12. Bxg7 Kxg7 13. Ng5 Nb6 14. b3 h6 15.
Nh3 Be6 16. d5 cxd5 17. cxd5 Bf7 18. Qd4 Nbd7 19. e4 fxe4 20. Nxe4 Kh7 21. Rfe1
Qd8 22. Nf4 g5 23. Ne6 Bxe6 24. dxe6 Nb6 25. Qb2 Nc8 26. Qc2 Kg7 27. Qc3 Qb6
28. Rd4 Kg8 29. Re2 Nxe4 30. Bxe4 Na7 31. Qd3 Nc6 32. Bxc6 1-0

[Event "44th Guernsey International Open"]
[Site "?"]
[Date "2018.10.23"]
[Round "3"]
[White "Purdon, Colin"]
[Black "Campbell, Ian"]
[Result "1-0"]
[WhiteElo "2036"]
[BlackElo "1969"]
[PlyCount "65"]
[EventDate "2018.10.21"]

1. d4 g6 2. c4 Bg7 3. e4 c5 4. d5 d6 5. Nf3 Nf6 6. Nc3 O-O 7. h3 Na6 8. Bd3 Nd7
9. Bf4 Nc7 10. O-O a6 11. a4 Ne5 12. Nxe5 dxe5 13. Be3 Qd6 14. a5 Bd7 15. b4
cxb4 16. c5 Qf6 17. Na4 Bb5 18. Nb6 Rad8 19. Bxb5 Nxb5 20. Qd2 Qh4 21. Bg5 Qxe4
22. Bxe7 Rfe8 23. Bxd8 Rxd8 24. Ra4 Nd4 25. Rxb4 Qh4 26. Rfb1 Bh6 27. Qd3 Qf6
28. d6 Bg5 29. Nd5 Qe6 30. Nc7 Qa2 31. Rxb7 Qxa5 32. Nxa6 Qa4 33. Nb4 1-0

[Event "44th Guernsey International Open"]
[Site "?"]
[Date "2018.10.23"]
[Round "3"]
[White "Taylor, Mark V"]
[Black "Sedgwick, David R"]
[Result "0-1"]
[WhiteElo "1933"]
[BlackElo "2013"]
[PlyCount "42"]
[EventDate "2018.10.21"]

1. d4 Nf6 2. Nc3 d5 3. Bg5 e6 4. e4 Be7 5. Bxf6 Bxf6 6. e5 Be7 7. Qg4 g6 8.
O-O-O f5 9. exf6 Bxf6 10. Bd3 O-O 11. Qe2 Bxd4 12. Nf3 Bxc3 13. bxc3 Qf6 14.
Rdf1 Qxc3 15. Ne5 Nc6 16. f4 Nxe5 17. fxe5 Bd7 18. h4 Rxf1+ 19. Rxf1 Qa3+ 20.
Kb1 Qb4+ 21. Ka1 Rf8 0-1

[Event "44th Guernsey International Open"]
[Site "?"]
[Date "2018.10.23"]
[Round "3"]
[White "Van den Boogaart, Jan Maarten"]
[Black "Fassaert, Desire JM"]
[Result "1/2-1/2"]
[WhiteElo "2009"]
[BlackElo "1942"]
[PlyCount "59"]
[EventDate "2018.10.21"]

1. e4 c6 2. c4 d5 3. exd5 cxd5 4. cxd5 Nf6 5. Nc3 Nxd5 6. Nf3 e6 7. Bb5+ Bd7 8.
Qb3 Bxb5 9. Qxb5+ Qd7 10. Nxd5 exd5 11. Qe2+ Be7 12. Ne5 Qe6 13. O-O Nc6 14.
Re1 Qxe5 15. Qxe5 Nxe5 16. Rxe5 Rd8 17. d3 f6 18. Re1 Kf7 19. Be3 b6 20. Rac1
Rc8 21. g4 Bd6 22. f4 Rhe8 23. Rxc8 Rxc8 24. Rc1 Rxc1+ 25. Bxc1 Bc5+ 26. Kg2 f5
27. h3 Ke6 28. Kf3 Bd4 29. b3 g6 30. Bd2 1/2-1/2

[Event "44th Guernsey International Open"]
[Site "?"]
[Date "2018.10.23"]
[Round "3"]
[White "Murray, J Stephen"]
[Black "Prins, Jan H"]
[Result "0-1"]
[WhiteElo "1757"]
[BlackElo "2003"]
[PlyCount "76"]
[EventDate "2018.10.21"]

1. e4 c6 2. d4 d5 3. exd5 cxd5 4. Bd3 Nf6 5. Nf3 Nc6 6. c3 g6 7. Bf4 Bg7 8.
Nbd2 Nh5 9. Be3 O-O 10. O-O e5 11. dxe5 Nxe5 12. Nxe5 Bxe5 13. Nf3 Bf6 14. h3
Re8 15. Qd2 a6 16. Rfe1 Be6 17. Bd4 Bxd4 18. Nxd4 Qf6 19. Bf1 Nf4 20. Kh2 Nh5
21. Rad1 Rad8 22. Re3 Ng7 23. Rf3 Qe5+ 24. Kg1 Rd6 25. Re1 Qh5 26. Qf4 Rd7 27.
Bd3 Rde7 28. Rfe3 f5 29. Be2 g5 30. Bxh5 gxf4 31. Rxe6 Rxe6 32. Rxe6 Rxe6 33.
Nxe6 Nxe6 34. Bf3 Nc7 35. Kf1 Kf7 36. Ke2 Ke6 37. Kd3 b5 38. Kd4 Kd6 0-1

[Event "44th Guernsey International Open"]
[Site "?"]
[Date "2018.10.23"]
[Round "3"]
[White "Thurlow, Kevin J"]
[Black "Cummins, John"]
[Result "1-0"]
[WhiteElo "2002"]
[BlackElo "1748"]
[PlyCount "22"]
[EventDate "2018.10.21"]

1. c4 c5 2. Nc3 Nf6 3. Nf3 Nc6 4. d4 Nxd4 5. Nxd4 cxd4 6. Qxd4 e6 7. Bf4 Bb4 8.
g3 d5 9. Bg2 O-O 10. Rd1 b6 11. cxd5 Bb7 1-0

[Event "44th Guernsey International Open"]
[Site "?"]
[Date "2018.10.23"]
[Round "3"]
[White "Froberg, Gert Jan"]
[Black "Magnussen, Pal"]
[Result "1-0"]
[WhiteElo "1867"]
[BlackElo "2000"]
[PlyCount "77"]
[EventDate "2018.10.21"]

1. b3 e5 2. Bb2 Nc6 3. e3 Nf6 4. Bb5 d6 5. d4 exd4 6. Bxd4 Be7 7. Bb2 O-O 8.
Nf3 Bg4 9. h3 Bh5 10. Nc3 Ne5 11. Be2 Nxf3+ 12. Bxf3 Bxf3 13. gxf3 c6 14. Rg1
Kh8 15. Qd4 d5 16. Ne2 c5 17. Qd2 Qb6 18. Qxd5 Rad8 19. Qg5 Rg8 20. c4 Qd6 21.
Bc3 Qd3 22. Rc1 h6 23. Qh4 Qh7 24. Bxf6 Bxf6 25. Qe4 Qxe4 26. fxe4 Rge8 27. Ng3
g6 28. Ke2 Bh4 29. f3 Rd6 30. Rcd1 Bxg3 31. Rxg3 Rxd1 32. Kxd1 Kg7 33. Rg2 Kf6
34. Rd2 Ke6 35. Ke2 b6 36. f4 g5 37. f5+ Ke5 38. Kf3 Re7 39. Rd5+ 1-0

[Event "44th Guernsey International Open"]
[Site "?"]
[Date "2018.10.23"]
[Round "3"]
[White "Hawkins, James NH"]
[Black "Reijneveld, Ad"]
[Result "1/2-1/2"]
[WhiteElo "1910"]
[BlackElo "2089"]
[PlyCount "35"]
[EventDate "2018.10.21"]

1. e4 c5 2. Nf3 Nc6 3. d4 cxd4 4. Nxd4 g6 5. c4 Nf6 6. Nc3 d6 7. Be2 Bg7 8. Be3
O-O 9. O-O Bd7 10. h3 Nxd4 11. Bxd4 Bc6 12. Bd3 Nd7 13. Bxg7 Kxg7 14. b3 a5 15.
a4 Nc5 16. Bc2 e6 17. Qd4+ Qf6 18. Rad1 1/2-1/2

[Event "44th Guernsey International Open"]
[Site "?"]
[Date "2018.10.23"]
[Round "3"]
[White "Morcom, Huw"]
[Black "Dilleigh, Stephen P"]
[Result "1/2-1/2"]
[WhiteElo "1901"]
[BlackElo "1986"]
[PlyCount "59"]
[EventDate "2018.10.21"]

1. e4 e6 2. d3 d5 3. Nd2 Nf6 4. Ngf3 c5 5. Be2 Nc6 6. O-O Be7 7. Re1 O-O 8. Bf1
Qc7 9. c3 b6 10. a3 a5 11. e5 Nd7 12. d4 Ba6 13. Bxa6 Rxa6 14. Nf1 c4 15. Bg5
Qd8 16. h4 h6 17. Bxe7 Qxe7 18. Re3 b5 19. Qe2 Rfa8 20. g4 Nf8 21. Ng3 g6 22.
g5 Nh7 23. gxh6 Qf8 24. Kg2 Qxh6 25. Rh1 Ne7 26. h5 g5 27. Nh2 Nf5 28. Nxf5
exf5 29. Qf3 Qe6 30. Ree1 1/2-1/2

[Event "44th Guernsey International Open"]
[Site "?"]
[Date "2018.10.23"]
[Round "3"]
[White "Sikkel, Dirk"]
[Black "Karstens, Lex"]
[Result "0-1"]
[WhiteElo "1969"]
[BlackElo "1874"]
[PlyCount "80"]
[EventDate "2018.10.21"]

1. e4 c6 2. d4 d5 3. exd5 cxd5 4. Bd3 Nc6 5. c3 Qc7 6. Ne2 Bg4 7. Qb3 Bxe2 8.
Kxe2 O-O-O 9. f4 g5 10. Rf1 Bg7 11. Be3 e6 12. Nd2 Nh6 13. fxg5 Ng4 14. Bf4 e5
15. Bf5+ Kb8 16. Bg3 h5 17. Nf3 Rhe8 18. Kd2 Ka8 19. h3 h4 20. Nxh4 Qe7 21.
Bxg4 Qxg5+ 22. Kc2 Bh6 23. Rad1 exd4 24. cxd4 Nxd4+ 25. Rxd4 Rc8+ 26. Bxc8
Rxc8+ 27. Qc3 Rxc3+ 28. bxc3 Qe3 29. Rf3 Qc1+ 30. Kb3 Qb1+ 31. Ka3 Bf8+ 32. Rb4
a5 33. Rff4 axb4+ 34. cxb4 Qd3+ 35. Ka4 Qxg3 36. Rg4 Qd6 37. a3 Ka7 38. Nf3
Qa6+ 39. Kb3 Qd3+ 40. Ka4 Ka6 0-1

[Event "44th Guernsey International Open"]
[Site "?"]
[Date "2018.10.23"]
[Round "3"]
[White "Wager, John D"]
[Black "Burton, Ronnie"]
[Result "1-0"]
[WhiteElo "2029"]
[BlackElo "1919"]
[PlyCount "75"]
[EventDate "2018.10.21"]

1. d4 g6 2. c4 Bg7 3. Nc3 d6 4. e4 Nf6 5. f3 O-O 6. Be3 Nc6 7. Nge2 e5 8. d5
Ne7 9. Qd2 c6 10. O-O-O cxd5 11. cxd5 Bd7 12. g4 b5 13. Ng3 b4 14. Nce2 Ba4 15.
b3 Bb5 16. Kb1 a5 17. Nc1 Qd7 18. g5 Ne8 19. h4 Bxf1 20. Rdxf1 f5 21. gxf6 Nxf6
22. h5 Rfc8 23. hxg6 hxg6 24. Bh6 Qc7 25. Bxg7 Kxg7 26. Rhg1 Kf7 27. f4 Qc3 28.
Qxc3 Rxc3 29. fxe5 dxe5 30. Nce2 Rcc8 31. Rf3 Rf8 32. Nc1 Rac8 33. Nd3 Kg7 34.
Nxe5 Rce8 35. d6 Ned5 36. Nf5+ Kh7 37. Rxg6 Rxe5 38. Rg7+ 1-0

[Event "44th Guernsey International Open"]
[Site "?"]
[Date "2018.10.23"]
[Round "3"]
[White "Rowe, Peter"]
[Black "Ingham, H William"]
[Result "1-0"]
[WhiteElo "1951"]
[BlackElo "1849"]
[PlyCount "77"]
[EventDate "2018.10.21"]

1. d4 Nf6 2. Bf4 g6 3. e3 Bg7 4. Nf3 O-O 5. h3 d6 6. Be2 Nbd7 7. O-O c5 8. c3
b6 9. Nbd2 Bb7 10. a4 a6 11. Qb3 Rc8 12. Rac1 Rc7 13. Rc2 Qa8 14. c4 cxd4 15.
exd4 Rfc8 16. Rfc1 Ne4 17. Bf1 e5 18. dxe5 Nec5 19. Qa3 dxe5 20. Bg3 a5 21. Ne1
Bc6 22. b3 Rd8 23. f3 Nf8 24. Bf2 Rcd7 25. Bxc5 bxc5 26. Ne4 Bxe4 27. fxe4 Bh6
28. Qxc5 Bxc1 29. Rxc1 Qxe4 30. Nf3 f6 31. Re1 Qc2 32. Qb6 Kg7 33. c5 Rc8 34.
Bc4 Rdc7 35. Qd6 e4 36. Nd4 Qb2 37. Rf1 f5 38. Qe5+ Kh6 39. Nxf5+ 1-0

[Event "44th Guernsey International Open"]
[Site "?"]
[Date "2018.10.23"]
[Round "3"]
[White "Canonne, Antoine"]
[Black "Spanton, Timothy R"]
[Result "1/2-1/2"]
[WhiteElo "1902"]
[BlackElo "1923"]
[PlyCount "123"]
[EventDate "2018.10.21"]

1. e4 c5 2. Nc3 g6 3. f4 Bg7 4. Nf3 Nc6 5. Bb5 Nd4 6. O-O Nxb5 7. Nxb5 d5 8.
exd5 a6 9. Nc3 Nf6 10. Qe1 Nxd5 11. d3 Nxc3 12. bxc3 Be6 13. Bd2 Bd5 14. a4 b6
15. Ra3 O-O 16. c4 Bc6 17. Ne5 Qe8 18. Bc3 f6 19. Nxc6 Qxc6 20. Ra1 e5 21. fxe5
fxe5 22. Qe4 Rxf1+ 23. Rxf1 Qxe4 24. dxe4 Rd8 25. Kf2 Rf8+ 26. Ke2 Rxf1 27.
Kxf1 Kf7 28. Ke2 Ke6 29. Bd2 Bf6 30. Kf3 Kd6 31. Ke2 Kc6 32. Kd3 Bh4 33. g3 Bf6
34. Be3 Bd8 35. h4 h5 36. Bh6 b5 37. cxb5+ axb5 38. axb5+ Kxb5 39. c4+ Kc6 40.
Bg7 Bc7 41. Ke3 Kd7 42. Bf8 Bb6 43. Kf3 Ke8 44. Bd6 Kf7 45. Bxe5 Ke6 46. Bb8
Bd8 47. Kf4 Bf6 48. e5 Be7 49. Ke4 Bf8 50. Bc7 Kd7 51. Ba5 Ke6 52. Bd2 Bg7 53.
Bc3 Bf8 54. Ba5 Bg7 55. Bc7 Bf8 56. Bd8 Kd7 57. Bf6 Ke6 58. Kf3 Kf5 59. Bh8 Bh6
60. Bf6 Bf8 61. Bh8 Bh6 62. Bf6 1/2-1/2

[Event "44th Guernsey International Open"]
[Site "?"]
[Date "2018.10.23"]
[Round "3"]
[White "Goris, Ton"]
[Black "Carlucci, Paul A"]
[Result "1/2-1/2"]
[WhiteElo "1922"]
[BlackElo "1817"]
[PlyCount "61"]
[EventDate "2018.10.21"]

1. e4 d5 2. exd5 Qxd5 3. Nf3 Nf6 4. d4 Bg4 5. Be2 c6 6. O-O e6 7. c4 Qd8 8. Be3
Be7 9. Qb3 Qb6 10. Nbd2 Nbd7 11. h3 Bh5 12. Qc2 Qc7 13. Bd3 Bg6 14. a3 a5 15.
Rfe1 O-O 16. Bxg6 hxg6 17. Rad1 Bd6 18. Ng5 Rfe8 19. Nde4 Nxe4 20. Nxe4 Nf6 21.
Bg5 Be7 22. Nxf6+ gxf6 23. Bh4 Kg7 24. Rd3 Rh8 25. Bg3 Bd6 26. a4 Bxg3 27. Rxg3
Rad8 28. Rxe6 Rxd4 29. Re4 Rhd8 30. Rxd4 Rxd4 31. Rd3 1/2-1/2

[Event "44th Guernsey International Open"]
[Site "?"]
[Date "2018.10.23"]
[Round "3"]
[White "Gravett, Alan D"]
[Black "Dijksterhuis, Rolf"]
[Result "1-0"]
[WhiteElo "1821"]
[BlackElo "1958"]
[PlyCount "85"]
[EventDate "2018.10.21"]

1. Nf3 d5 2. g3 c5 3. Bg2 Nc6 4. d4 Nf6 5. O-O cxd4 6. Nxd4 e6 7. Nxc6 bxc6 8.
c4 Be7 9. Nc3 O-O 10. cxd5 cxd5 11. Nb5 Qb6 12. Nd4 a5 13. b3 Bd7 14. Be3 Bc5
15. Nc2 Rfc8 16. Bxc5 Rxc5 17. Ne3 Rac8 18. Qd2 Qc7 19. a3 Rc3 20. b4 Qb6 21.
Nd1 axb4 22. Nxc3 bxc3 23. Qc2 Qa5 24. Rfc1 Ba4 25. Qb1 c2 26. Qb7 Qc3 27. Qa6
Bb3 28. a4 g6 29. a5 Kg7 30. Qd3 Qb2 31. a6 Nd7 32. Qb5 Rc7 33. Qa5 Ra7 34. Bf1
Bc4 35. Qa3 Qe5 36. Qe7 Qb2 37. Qg5 h6 38. Qd2 Bb3 39. e3 e5 40. Bd3 Nc5 41.
Bxc2 Ne4 42. Qb4 Rxa6 43. Qxb3 1-0